LEADER 01427nam a2200289 4500 001 000000353879 003 CaOOAMICUS 005 20230518141800.0 008 230518s2022 it 000 u ita r 020 $a978-88-15-38241-2 040 $aSeMil$bita 245 00$aUt turris :$bil cardinale Nasalli Rocca tra le due guerre /$ca cura di Simone Marchesani e Riccardo Pane. 264 1$aBologna :$bIl Mulino,$c2022. 300 $a348 p. ;$c21 cm 490 1 $aTesti e ricerche di scienze religiose. Nuova serie ;$v68 600 14$aNasalli Rocca di Corneliano, Giovanni Battista <1872-1952>.$0(OLS)http://semarc/subject/9149 650 4$aBologna - Storia religiosa - 1922-1952.$0(OLS)http://semarc/subject/53791 700 1 $aMarchesani, Simone.$0(OLS)http://semarc/name/117618 700 1 $aPane, Riccardo,$d<1972- >.$0(OLS)http://semarc/name/56272 830 0$aTesti e ricerche di scienze religiose. Nuova serie ;$v68.$0(OLS)http://semarc/title/1562 850 $aSeMil 852 $aSeMil$W1$xVenegono$y1$m3F II 1152$j242623$B245084$CSeMilBibl$Z2$F245084 $81 961 $aIn omaggio per recensione su La scuola cattolica 996 $6020$a978-88-15-38241-2$9(OLS)http://semarc/number/298222 996 $6245$aUt turris :$bil cardinale Nasalli Rocca tra le due guerre$9(OLS)http://semarc/title/444021 996 $6264$aBologna :$bIl Mulino$9(OLS)http://semarc/publisher/29842 LEADER 01693nam a2200337 i 4500 001 000000121780 003 CaOOAMICUS 005 20040113000000.0 008 040113s2003 sz u000 u ger u 013 $a94475 020 $a3-7278-1446-2 020 $a3-525-53053-6 040 $aSeMil$bita 245 10$aHorizonte biblischer Texte :$bFestschrift für Josef M. Oesch zum 60. Geburstag /$cAndreas Vonach, Georg Fischer (Hrsg.) 260 $aGöttingen :$bVandenhoeck & Ruprecht,$ccopyr. 2003. 260 $aFribourg (Schweiz) :$bAcademic Press,$ccopyr. 2003. 300 $aXII, 316 p. :$btabelle ;$c24 cm. 490 0 $aOrbis Biblicus et Orientalis ;$v196 500 $aContiene : Literaturverzeichnis [sezioni]. 650 4$aBibbia - Commentari, studi, critica, interpretazioni.$0(OLS)http://semarc/subject/783 700 1 $aOesch, Josef M. <1943- >.$0(OLS)http://semarc/name/50636 700 1 $aVonach, Andreas <1969- >.$0(OLS)http://semarc/name/50637 700 1 $aFischer, Georg,$c.$0(OLS)http://semarc/name/90482 830 0$aOrbis Biblicus et Orientalis ;$v196.$0(OLS)http://semarc/title/283 850 $aSeMil 852 $aSeMil$W1$xVenegono$y1$m2U VI 396$j227986$B76834$CSeMilBibl$Z2$F78364 $81 996 $6020$a3-7278-1446-2$9(OLS)http://semarc/number/107360 996 $6020$a3-525-53053-6$9(OLS)http://semarc/number/107361 996 $6245$aHorizonte biblischer Texte :$bFestschrift für Josef M. Oesch zum 60. Geburstag$9(OLS)http://semarc/title/179358 996 $6260$aFribourg (Schweiz) :$bAcademic Press$9(OLS)http://semarc/publisher/44086 996 $6260$aGöttingen :$bVandenhoeck & Ruprecht$9(OLS)http://semarc/publisher/29697